[Event "PRO League Group Stage"]
[Site "chess.com INT"]
[Date "2018.02.07"]
[Round "5"]
[White "Edouard, Romain"]
[Black "Perez, Flavio"]
[Result "1-0"]
[WhiteTitle "GM"]
[BlackTitle "FM"]
[WhiteElo "2613"]
[BlackElo "2279"]
[WhiteTeam "London Lions"]
[BlackTeam "Cannes Blockbusters"]
[WhiteFideId "633429"]
[BlackFideId "623911"]
[EventDate "2018.01.18"]

1. d4 d5 2. Nf3 Bf5 3. g3 Nf6 4. Bg2 e6 5. c4 Nc6 6. Nc3 Bb4 7. O-O O-O 8. Bg5
dxc4 9. Qa4 h6 10. Bxf6 Qxf6 11. Rad1 a6 12. Rd2 b5 13. Qd1 Bxc3 14. bxc3 Be4
15. Ne1 Bxg2 16. Nxg2 Ne7 17. e4 c6 18. f4 Rad8 19. Ne3 Qg6 20. f5 exf5 21. Nxf5
Nxf5 22. Rxf5 Qd6 23. Qf3 Qa3 24. Rf2 b4 25. Rxf7 b3 26. axb3 cxb3 27. c4 Qb4
28. c5 Rxf7 29. Qxf7+ Kh8 30. Qe7 Qxd4 31. Kf1 b2 32. Rxb2 Qd1+ 33. Kg2 Rd2+ 34.
Rxd2 Qxd2+ 35. Kh3 Qd4 36. Qe8+ Kh7 37. Qxc6 a5 38. Qd5 Qxd5 39. exd5 a4 40. d6
a3 41. d7 a2 42. d8=Q a1=Q 43. Qd3+ Kh8 44. c6 Qe5 45. Qc4 Qf5+ 46. Kg2 Qe6 47.
Qxe6 1-0

[Event "PRO League Group Stage"]
[Site "chess.com INT"]
[Date "2018.02.07"]
[Round "5"]
[White "Edouard, Romain"]
[Black "Cornette, Matthieu"]
[Result "0-1"]
[WhiteTitle "GM"]
[BlackTitle "GM"]
[WhiteElo "2613"]
[BlackElo "2611"]
[WhiteTeam "London Lions"]
[BlackTeam "Cannes Blockbusters"]
[WhiteFideId "633429"]
[BlackFideId "620084"]
[EventDate "2018.01.18"]

1. Nf3 d5 2. b3 Nf6 3. Bb2 c5 4. g3 Nc6 5. Bg2 e6 6. O-O Be7 7. d4 cxd4 8. Nxd4
Bd7 9. Nd2 O-O 10. c4 Nxd4 11. Bxd4 Bc6 12. Rc1 Rc8 13. cxd5 Bxd5 14. Rxc8 Qxc8
15. e4 Bc6 16. Qc2 Bb5 17. Rc1 Qd7 18. Bb2 Rd8 19. Nc4 Rc8 20. a4 Ba6 21. Qc3
Ne8 22. Bf1 Bg5 23. f4 Bf6 24. e5 Be7 25. Qf3 b5 26. Nd6 Rxc1 27. Bxc1 Nxd6 28.
exd6 Bxd6 29. axb5 Bc5+ 30. Be3 Bb7 31. Qe2 Qxb5 32. Qd2 Qb6 33. Kf2 Kf8 34. b4
Bxe3+ 35. Qxe3 Qxe3+ 36. Kxe3 Ke7 37. Kd4 Kd6 38. Bd3 h6 39. g4 f6 40. h4 g5 41.
hxg5 hxg5 42. fxg5 fxg5 43. Be2 Bd5 44. Bd1 Ba2 45. Bf3 e5+ 46. Ke3 Bd5 47. Be2
Kc6 48. Bf1 Bh1 49. Bd3 Kd5 50. Ba6 e4 51. Bb7+ Ke5 52. Bc8 Bf3 53. Bf5 Kd5 54.
b5 Kc5 55. Bd7 Kb6 56. Kd4 Ka5 57. Bc6 Kb4 58. Bd7 Kb3 59. Bf5 Ka4 60. Bd7 Kb4
61. Bc6 Bxg4 62. Kxe4 Be2 63. Kf5 g4 0-1

[Event "PRO League Group Stage"]
[Site "chess.com INT"]
[Date "2018.02.07"]
[Round "5"]
[White "Anand, Viswanathan"]
[Black "Hauge, Lars Oskar"]
[Result "1/2-1/2"]
[WhiteTitle "GM"]
[BlackTitle "IM"]
[WhiteElo "2767"]
[BlackElo "2436"]
[WhiteTeam "Mumbai Movers"]
[BlackTeam "Oslo Trolls"]
[WhiteFideId "5000017"]
[BlackFideId "1509276"]
[EventDate "2018.01.18"]

1. Nf3 Nf6 2. g3 g6 3. Bg2 Bg7 4. c4 O-O 5. Nc3 c5 6. d4 d6 7. O-O Nc6 8. d5 Na5
9. Qd3 a6 10. Re1 b5 11. cxb5 axb5 12. Qxb5 Ba6 13. Qa4 Nc4 14. Qc2 Nd7 15. Bf4
Qa5 16. Rac1 Rfb8 17. b3 Na3 18. Qd2 c4 19. Nd4 Bxd4 20. Qxd4 cxb3 21. axb3 Rxb3
22. Bh6 Ne5 23. Ne4 Nc2 24. Qd2 Qxd2 25. Nxd2 Rb2 26. Rb1 Rxb1 27. Rxb1 Bxe2 28.
Be4 Nd4 29. Be3 Ndf3+ 30. Kg2 Nxd2 31. Bxd2 Bd3 32. Bxd3 Nxd3 33. Bh6 f6 34. Rd1
Nb4 35. Rd4 Rb8 36. Bd2 Na6 37. Ra4 Nc5 38. Ra7 Kf7 39. Bf4 Rb7 40. Ra1 Nd3 41.
Rd1 Nxf4+ 42. gxf4 Rb3 43. f3 Ke8 44. Kg3 Kd7 45. Ra1 Rd3 46. Ra7+ Ke8 47. Ra5
Rd2 48. Rb5 Kf7 49. Ra5 Rd1 50. Kg2 Rd2+ 51. Kg3 Rd4 52. Rb5 f5 53. h4 Kf6 54.
Ra5 h6 55. Rb5 g5 56. fxg5+ hxg5 57. hxg5+ Kxg5 58. Rb7 Kf6 59. Rb5 Kg5 60. Rb7
f4+ 61. Kh3 Rd3 62. Kg2 Rd2+ 63. Kh3 Rd3 64. Kg2 Kf6 65. Rb4 Kf5 66. Re4 Re3 67.
Ra4 Ke5 68. Kf2 Kxd5 69. Rxf4 Rb3 70. Ra4 e5 71. Ke2 Ke6 72. f4 Kf5 73. fxe5
dxe5 74. Rc4 1/2-1/2

[Event "PRO League Group Stage"]
[Site "chess.com INT"]
[Date "2018.02.07"]
[Round "5"]
[White "Gozzoli, Yannick"]
[Black "Pavasovic, Dusko"]
[Result "1-0"]
[WhiteTitle "GM"]
[BlackTitle "GM"]
[WhiteElo "2565"]
[BlackElo "2540"]
[WhiteTeam "Marseille Migraines"]
[BlackTeam "Ljubljana Turtles"]
[WhiteFideId "616915"]
[BlackFideId "14600986"]
[EventDate "2018.01.18"]

1. e4 e5 2. Nf3 Nc6 3. Bb5 g6 4. c3 Bg7 5. d4 exd4 6. cxd4 a6 7. Ba4 b5 8. Bb3
Nge7 9. d5 Na5 10. Bd2 Nxb3 11. Qxb3 O-O 12. Bc3 Bxc3+ 13. Nxc3 d6 14. O-O c5
15. dxc6 Nxc6 16. Rad1 Bg4 17. Nd5 Ne5 18. Qe3 Rc8 19. Nxe5 Bxd1 20. Nd7 Bc2 21.
N5f6+ Kg7 22. Qd4 Kh8 23. b3 Qa5 24. Nxf8 Qc3 25. Qxc3 Rxc3 26. Rc1 Rd3 27. Kf1 1-0

[Event "PRO League Group Stage"]
[Site "chess.com INT"]
[Date "2018.02.07"]
[Round "5"]
[White "Gozzoli, Yannick"]
[Black "Skuhala, Jernej"]
[Result "1-0"]
[WhiteTitle "GM"]
[BlackTitle "FM"]
[WhiteElo "2565"]
[BlackElo "2294"]
[WhiteTeam "Marseille Migraines"]
[BlackTeam "Ljubljana Turtles"]
[WhiteFideId "616915"]
[BlackFideId "14605651"]
[EventDate "2018.01.18"]

1. d4 Nf6 2. c4 e6 3. Nf3 d5 4. g3 Be7 5. Bg2 O-O 6. O-O dxc4 7. Qc2 a6 8. a4
Bd7 9. Bg5 Bc6 10. Nbd2 b5 11. Bxf6 Bxf6 12. Rfd1 Nd7 13. b3 Bxf3 14. Bxf3 Bxd4
15. Bxa8 Bxa1 16. Be4 Bf6 17. axb5 axb5 18. bxc4 b4 19. Nb3 Qe7 20. Bxh7+ Kh8
21. Be4 Nc5 22. Na5 Nxe4 23. Qxe4 Qc5 24. Nb3 Qa7 25. Rd7 Qa4 26. Nc5 Qa5 27.
Qe3 Qb6 28. g4 b3 29. Qh3+ Kg8 30. Nxb3 Qc6 31. Qd3 Ra8 32. Qf3 Qxf3 33. exf3
Ra3 34. Nd2 Be5 35. Rd8+ Kh7 36. Ne4 Rxf3 37. Ng5+ 1-0

[Event "PRO League Group Stage"]
[Site "chess.com INT"]
[Date "2018.02.07"]
[Round "5"]
[White "Mohammad, Nubairshah Shaikh"]
[Black "Urkedal, Frode"]
[Result "1-0"]
[WhiteTitle "IM"]
[BlackTitle "GM"]
[WhiteElo "2380"]
[BlackElo "2572"]
[WhiteTeam "Mumbai Movers"]
[BlackTeam "Oslo Trolls"]
[WhiteFideId "5053196"]
[BlackFideId "1506102"]
[EventDate "2018.01.18"]

1. d4 Nf6 2. c4 e6 3. Nc3 Bb4 4. e3 O-O 5. Ne2 d5 6. a3 Bd6 7. Ng3 b6 8. Be2 Bb7
9. O-O dxc4 10. Bxc4 c5 11. dxc5 Bxc5 12. b4 Be7 13. Bb2 a5 14. b5 Nbd7 15. Qe2
Rc8 16. Rfd1 Qc7 17. Ba2 Nc5 18. Rac1 Qb8 19. e4 Qf4 20. Rd4 Rfd8 21. Rcd1 Rxd4
22. Rxd4 e5 23. Rc4 Rd8 24. Nd5 Bxd5 25. exd5 e4 26. Rd4 Bd6 27. Rd1 Re8 28. Bb1
e3 29. fxe3 Qh4 30. Bxf6 Qxf6 31. Nf5 g6 32. Nxd6 Qxd6 33. Qf3 Nd7 34. e4 Rc8
35. Qe3 Ne5 36. Rc1 Rxc1+ 37. Qxc1 Ng4 38. Qc8+ Kg7 39. Qxg4 Qc5+ 40. Kf1 Qc1+
41. Kf2 Qxb1 42. Qe2 Qb3 43. d6 Qxa3 44. Qd2 Qc5+ 45. Kf3 Qh5+ 46. Kf2 Qc5+ 47.
Kf1 Qxb5+ 48. Kf2 Qc5+ 49. Kf1 Qb5+ 50. Kf2 Qc5+ 51. Kf1 Qb5+ 52. Ke1 Qd7 53.
Qc3+ f6 54. Qc7 1-0

[Event "PRO League Group Stage"]
[Site "chess.com INT"]
[Date "2018.02.07"]
[Round "5"]
[White "Mohammad, Nubairshah Shaikh"]
[Black "Haug, Johannes"]
[Result "1/2-1/2"]
[WhiteTitle "IM"]
[BlackTitle "FM"]
[WhiteElo "2380"]
[BlackElo "2357"]
[WhiteTeam "Mumbai Movers"]
[BlackTeam "Oslo Trolls"]
[WhiteFideId "5053196"]
[BlackFideId "1509268"]
[EventDate "2018.01.18"]

1. Nf3 Nf6 2. c4 e6 3. g3 d5 4. Bg2 d4 5. O-O c5 6. e3 Nc6 7. exd4 cxd4 8. Re1
Bd6 9. a3 a5 10. d3 h6 11. Nfd2 O-O 12. Ne4 Nxe4 13. Bxe4 Bd7 14. b3 f5 15. Bg2
Qf6 16. f4 1/2-1/2

[Event "PRO League Group Stage"]
[Site "chess.com INT"]
[Date "2018.02.07"]
[Round "5"]
[White "Krysa, Leandro"]
[Black "Erenburg, Sergey"]
[Result "1/2-1/2"]
[WhiteTitle "GM"]
[BlackTitle "GM"]
[WhiteElo "2548"]
[BlackElo "2564"]
[WhiteTeam "Buenos Aires Krakens"]
[BlackTeam "Montclair Sopranos"]
[WhiteFideId "116807"]
[BlackFideId "2805642"]
[EventDate "2018.01.18"]

1. e4 c6 2. Ne2 d5 3. e5 c5 4. d4 Nc6 5. c3 e6 6. g3 Qb6 7. Bh3 Bd7 8. O-O Rc8
9. Kg2 h5 10. dxc5 Bxc5 11. b4 Be7 12. Be3 Qc7 13. f4 Nh6 14. Nd4 Nxd4 15. Bxd4
g6 16. a4 Nf5 17. Bxf5 gxf5 18. Na3 a6 19. a5 Bc6 20. Rf3 Qd7 21. Qe2 Ba4 22.
Kg1 Bb3 23. Re1 Qa4 24. Qb2 Bc4 25. Nc2 Qb3 26. Qxb3 Bxb3 27. Ne3 Kd7 28. Kf2
Bc4 29. Rg1 Bb5 30. Ke1 Rc6 31. Kd2 Rhc8 32. h3 Rh8 33. g4 hxg4 34. hxg4 Rh2+
35. Rg2 fxg4 36. Rg3 Rxg2+ 37. Rxg2 Rc8 38. f5 exf5 39. Nxf5 Rg8 40. Nh6 Bg5+
41. Be3 Bxh6 42. Bxh6 Ke6 43. Bf4 Kf5 44. Rf2 Rh8 45. Bg3+ Ke6 46. Rh2 Rg8 47.
Rh6+ Ke7 48. Ke3 Bc6 49. Kf4 Kd7 50. Rd6+ Kc8 51. Rf6 Rg7 52. Rh6 Bd7 53. Rh8+
Kc7 54. Bh4 Be6 55. Bg3 Kc6 56. Ke3 Rg6 57. Kd4 Rg5 58. Ke3 Rf5 59. Bf4 f6 60.
exf6 Rxf6 61. Rh6 Rxh6 62. Bxh6 Kb5 63. Bg7 Kc4 64. Kf2 Kd3 65. Bd4 Ke4 66. Kg3
Bf5 67. Bg7 Be6 68. Bd4 Bd7 69. Bg7 Kf5 70. Bd4 Kg6 71. Bc5 Kf7 72. Bd4 Ke6 73.
Bc5 Ke5 74. Bd4+ Ke4 75. Bf6 Kd3 76. Bg7 Kc4 77. Bd4 Kb5 78. Bg7 b6 79. axb6
Kxb6 80. Bd4+ Kb5 81. Bf6 Kc4 82. Be5 Kd3 83. Bd4 Kc4 84. Bf6 Kd3 85. Bd4 Kc4
86. Bf6 Kd3 87. Bd4 Kc4 88. Bf6 Kd3 89. Bd4 Kc4 90. Bf6 Kd3 91. Bd4 1/2-1/2

[Event "PRO League Group Stage"]
[Site "chess.com INT"]
[Date "2018.02.07"]
[Round "5"]
[White "Krysa, Leandro"]
[Black "Bartell, Thomas"]
[Result "1/2-1/2"]
[WhiteTitle "GM"]
[BlackTitle "IM"]
[WhiteElo "2548"]
[BlackElo "2344"]
[WhiteTeam "Buenos Aires Krakens"]
[BlackTeam "Montclair Sopranos"]
[WhiteFideId "116807"]
[BlackFideId "2017849"]
[EventDate "2018.01.18"]

1. e4 c5 2. Nf3 Nc6 3. Bb5 g6 4. O-O Bg7 5. Re1 Nf6 6. e5 Nd5 7. Nc3 Nc7 8. a4
O-O 9. d3 d6 10. exd6 exd6 11. Bg5 f6 12. Bf4 g5 13. Bd2 g4 14. Bxc6 bxc6 15.
Nh4 f5 16. g3 Ne6 17. Ne2 f4 18. Bc3 Bxc3 19. bxc3 Qf6 20. Qd2 f3 21. Nc1 Bd7
22. Nb3 Rae8 23. Re4 Ng5 24. Rxe8 Rxe8 25. Re1 Re7 26. Na5 h6 27. Kf1 Kf7 28.
Nc4 Rxe1+ 29. Qxe1 Qe7 30. Qxe7+ Kxe7 31. Ng6+ Kf6 32. Nf4 Nf7 33. Ke1 d5 34.
Na5 Nd8 35. Nb3 Nb7 36. c4 dxc4 37. dxc4 Be6 38. Nxe6 Kxe6 39. Kd2 Ke5 40. Kd3
h5 41. Nd2 Nd6 42. Nb3 Nb7 43. Nd2 Nd6 44. Nb3 Nb7 45. Nd2 Nd6 1/2-1/2

[Event "PRO League Group Stage"]
[Site "chess.com INT"]
[Date "2018.02.07"]
[Round "5"]
[White "Zhai, Mo"]
[Black "Sarana, Alexey"]
[Result "0-1"]
[WhiteTitle "WGM"]
[BlackTitle "GM"]
[WhiteElo "2310"]
[BlackElo "2562"]
[WhiteTeam "Cheng Du Pandas"]
[BlackTeam "Australia Kangaroos"]
[WhiteFideId "8600201"]
[BlackFideId "24133795"]
[EventDate "2018.01.18"]

1. d4 Nf6 2. Nf3 g6 3. Bf4 Bg7 4. e3 O-O 5. Nbd2 d6 6. h3 c5 7. c3 Nc6 8. Be2
Be6 9. O-O Qb6 10. Qc2 Rac8 11. dxc5 Qxc5 12. Nb3 Qb6 13. Bh2 Rfd8 14. Nfd4 Nxd4
15. Nxd4 Bc4 16. Bxc4 Rxc4 17. Qe2 Rdc8 18. Rfd1 Qa6 19. Qf3 b5 20. Nc2 Qb6 21.
Rd4 R4c5 22. Rad1 a5 23. Ne1 R5c7 24. R4d2 b4 25. cxb4 Qxb4 26. Nd3 Qb5 27. g4
h5 28. Kg2 Rc4 29. gxh5 Nxh5 30. b3 Rc2 31. Qg4 Nf6 32. Qf3 a4 33. b4 Nd7 34.
Bg3 R8c3 35. Qe4 Nf6 36. Qa8+ Rc8 37. Qf3 Rxd2 38. Rxd2 a3 39. Qd1 Ne4 40. Rc2
Nc3 41. Qd2 Kh7 42. f3 Rc4 43. Kh2 Qf5 0-1

[Event "PRO League Group Stage"]
[Site "chess.com INT"]
[Date "2018.02.07"]
[Round "5"]
[White "Zhai, Mo"]
[Black "Kuybokarov, Temur"]
[Result "1-0"]
[WhiteTitle "WGM"]
[BlackTitle "IM"]
[WhiteElo "2310"]
[BlackElo "2472"]
[WhiteTeam "Cheng Du Pandas"]
[BlackTeam "Australia Kangaroos"]
[WhiteFideId "8600201"]
[BlackFideId "14203049"]
[EventDate "2018.01.18"]

1. d4 Nf6 2. Nf3 e6 3. c4 c5 4. d5 d6 5. Nc3 exd5 6. cxd5 g6 7. Bf4 a6 8. a4 Bg7
9. h3 O-O 10. e3 Ne8 11. Be2 Nd7 12. O-O Ne5 13. Bh2 Nxf3+ 14. Bxf3 f5 15. Qb3
b6 16. Rfd1 Rb8 17. Qc4 Nc7 18. Qb3 b5 19. axb5 Nxb5 20. Na4 Bd7 21. Qc4 Qe7 22.
Rac1 Be5 23. Bxe5 Qxe5 24. Re1 Nc7 25. Qc2 Nxd5 26. Red1 Nb4 27. Qc4+ Be6 28.
Qc3 Qxc3 29. Nxc3 Rfd8 30. Rd2 Kf7 31. Rcd1 Ke7 32. g4 Bb3 33. Ra1 Ke6 34. Kg2
Bc4 35. Kg3 d5 36. Ra5 Nd3 37. Na4 Rb5 38. Rxa6+ Rd6 39. Ra7 Ne5 40. Rc7 Nd7 41.
Nc3 Rb3 42. Na4 Rb5 43. gxf5+ gxf5 44. Bh5 d4 45. Be8 Ra5 46. Bxd7+ Rxd7 47.
Nxc5+ Rxc5 48. Rxc5 dxe3 49. Rc6+ Ke7 50. Rxd7+ Kxd7 51. Rxc4 e2 52. Rc1 1-0

[Event "PRO League Group Stage"]
[Site "chess.com INT"]
[Date "2018.02.07"]
[Round "5"]
[White "Valner, Uku"]
[Black "Gupta, Abhijeet"]
[Result "0-1"]
[BlackTitle "GM"]
[WhiteElo "2211"]
[BlackElo "2610"]
[WhiteTeam "Estonia Horses"]
[BlackTeam "Delhi Dynamite"]
[WhiteFideId "4502205"]
[BlackFideId "5010608"]
[EventDate "2018.01.18"]

1. e4 c5 2. Nc3 d6 3. g3 Nc6 4. Bg2 g6 5. d3 Bg7 6. Be3 e6 7. f4 Nge7 8. Nf3 O-O
9. O-O b6 10. d4 Ba6 11. Rf2 d5 12. e5 Nf5 13. Qd2 f6 14. Ne2 fxe5 15. fxe5 Bxe2
16. Rxe2 Nxe3 17. Qxe3 Rxf3 18. Bxf3 cxd4 19. Qf4 Qe7 20. Rae1 Rf8 21. Qg4 h5
22. Qxg6 Rxf3 23. Qxh5 Rf5 24. Qg4 Qg5 25. Qxg5 Rxg5 26. Kg2 Rxe5 27. g4 Rxe2+
28. Rxe2 e5 29. g5 Kf7 30. h4 Kg6 31. Kg3 e4 32. Kf4 Kh5 33. Kf5 d3 34. Rg2 Nd4+ 0-1

[Event "PRO League Group Stage"]
[Site "chess.com INT"]
[Date "2018.02.07"]
[Round "5"]
[White "Valner, Uku"]
[Black "Grover, Sahaj"]
[Result "0-1"]
[BlackTitle "GM"]
[WhiteElo "2211"]
[BlackElo "2484"]
[WhiteTeam "Estonia Horses"]
[BlackTeam "Delhi Dynamite"]
[WhiteFideId "4502205"]
[BlackFideId "5021103"]
[EventDate "2018.01.18"]

1. e4 e6 2. d4 d5 3. e5 c5 4. c3 Nc6 5. Nf3 Qb6 6. a3 Bd7 7. b4 cxd4 8. cxd4 Rc8
9. Be3 Nge7 10. Bd3 Nf5 11. Bxf5 exf5 12. O-O Be7 13. Nc3 Be6 14. Na4 Qd8 15.
Nc5 b6 16. Nd3 g5 17. Rc1 f4 18. Bd2 Bf5 19. Qa4 Bxd3 20. Rxc6 O-O 21. Rfc1 Bc4
22. Rxc8 Qxc8 23. Qxa7 Qe6 24. a4 g4 25. Ne1 Bg5 26. a5 bxa5 27. bxa5 Qf5 28. f3
h5 29. Bb4 Re8 30. Qb6 Bh4 31. a6 Bxe1 32. Rxe1 gxf3 33. gxf3 Kh7 34. Qf6 Rg8+
35. Kf2 Qc2+ 0-1

[Event "PRO League Group Stage"]
[Site "chess.com INT"]
[Date "2018.02.07"]
[Round "5"]
[White "Kanep, Meelis"]
[Black "Lalith, Babu M R"]
[Result "0-1"]
[WhiteTitle "GM"]
[BlackTitle "GM"]
[WhiteElo "2446"]
[BlackElo "2542"]
[WhiteTeam "Estonia Horses"]
[BlackTeam "Delhi Dynamite"]
[WhiteFideId "4501047"]
[BlackFideId "5024595"]
[EventDate "2018.01.18"]

1. d4 Nf6 2. Bg5 c5 3. d5 Ne4 4. Bc1 e6 5. dxe6 fxe6 6. Nd2 Nf6 7. e4 Nc6 8. f4
d6 9. Ngf3 Be7 10. Bd3 O-O 11. c3 d5 12. e5 Ng4 13. Nf1 c4 14. Bc2 Qb6 15. Qe2
Bd7 16. h3 Nh6 17. g4 Bc5 18. Ng5 g6 19. h4 d4 20. Bxg6 hxg6 21. h5 d3 22. Qe4
Ne7 23. Qxc4 Qc6 24. Qxd3 Qxh1 25. Qxd7 Qh4+ 0-1

[Event "PRO League Group Stage"]
[Site "chess.com INT"]
[Date "2018.02.07"]
[Round "5"]
[White "Kanep, Meelis"]
[Black "Hemant, Sharma2"]
[Result "1-0"]
[WhiteTitle "GM"]
[BlackTitle "IM"]
[WhiteElo "2446"]
[BlackElo "2348"]
[WhiteTeam "Estonia Horses"]
[BlackTeam "Delhi Dynamite"]
[WhiteFideId "4501047"]
[BlackFideId "5025842"]
[EventDate "2018.01.18"]

1. Nf3 Nf6 2. c4 e6 3. Nc3 d5 4. d4 Be7 5. Bg5 h6 6. Bxf6 Bxf6 7. e3 O-O 8. Qd2
b6 9. h4 Bb7 10. cxd5 exd5 11. g4 c5 12. g5 cxd4 13. exd4 Re8+ 14. Be2 Be7 15.
gxh6 Bf6 16. hxg7 Ba6 17. O-O-O Bxe2 18. Nxe2 Qc8+ 19. Nc3 Qf5 20. Qh6 Qh7 21.
Qxf6 1-0

[Event "PRO League Group Stage"]
[Site "chess.com INT"]
[Date "2018.02.07"]
[Round "5"]
[White "Tang, Andrew"]
[Black "Van Kampen, Robin"]
[Result "1-0"]
[WhiteTitle "IM"]
[BlackTitle "GM"]
[WhiteElo "2513"]
[BlackElo "2646"]
[WhiteTeam "Minnesota Blizzard"]
[BlackTeam "Montreal Chessbrahs"]
[WhiteFideId "2059630"]
[BlackFideId "1020854"]
[EventDate "2018.01.18"]

1. d4 d6 2. c4 e5 3. Nf3 e4 4. Ng5 f5 5. Nc3 c6 6. d5 Be7 7. Nh3 Na6 8. g3 Bf6
9. Bg2 Ne7 10. O-O O-O 11. Be3 Ng6 12. Qd2 c5 13. f3 exf3 14. exf3 Nc7 15. Rae1
Rb8 16. Qc2 a6 17. Bc1 b5 18. b3 bxc4 19. bxc4 a5 20. Nd1 Ba6 21. Kh1 Bd4 22. f4
Rb4 23. Ne3 Bxe3 24. Rxe3 Rxc4 25. Qf2 Rd4 26. Rfe1 Nxd5 27. Re6 Bc8 28. Ng5 Nc7
29. R6e3 h6 30. Nf3 Rb4 31. Qc2 Rb8 32. Bb2 Bb7 33. h4 Nd5 34. Re6 Nh8 35. h5
Qd7 36. Nh4 Rfe8 37. Qxf5 Rxe6 38. Qxe6+ Qxe6 39. Rxe6 Nf7 40. Nf5 Bc8 41. Re8+
Kh7 42. Nh4 Rxb2 43. Be4+ g6 44. hxg6+ Kg7 45. gxf7 Kxf7 46. Rxc8 Ne3 47. Rc7+
Ke8 48. Ng6 Ng4 49. Bf5 Nf2+ 50. Kg1 Kd8 51. Rc8# 1-0

[Event "PRO League Group Stage"]
[Site "chess.com INT"]
[Date "2018.02.07"]
[Round "5"]
[White "Tang, Andrew"]
[Black "Kleinman, Michael"]
[Result "1-0"]
[WhiteTitle "IM"]
[BlackTitle "IM"]
[WhiteElo "2513"]
[BlackElo "2394"]
[WhiteTeam "Minnesota Blizzard"]
[BlackTeam "Montreal Chessbrahs"]
[WhiteFideId "2059630"]
[BlackFideId "2609479"]
[EventDate "2018.01.18"]

1. d4 Nf6 2. c4 g6 3. f3 d5 4. cxd5 Nxd5 5. e4 Nb6 6. Nc3 Bg7 7. Be3 O-O 8. Qd2
Nc6 9. O-O-O Qd6 10. Nb5 Qd7 11. Bh6 Rd8 12. Bxg7 Kxg7 13. d5 a6 14. Nc3 Na7 15.
h4 h5 16. g4 Rh8 17. gxh5 gxh5 18. Nge2 Qd6 19. Nd4 c5 20. dxc6 Nxc6 21. Rg1+
Kf8 22. Nxc6 bxc6 23. Qg5 Qg6 24. Rd8+ Kg7 25. Qe5+ 1-0

[Event "PRO League Group Stage"]
[Site "chess.com INT"]
[Date "2018.02.07"]
[Round "5"]
[White "Petrosyan, Manuel"]
[Black "Ivlev, Aleksey"]
[Result "1/2-1/2"]
[WhiteTitle "GM"]
[BlackTitle "FM"]
[WhiteElo "2570"]
[BlackElo "2300"]
[WhiteTeam "Armenia Eagles"]
[BlackTeam "Volga Stormbringers"]
[WhiteFideId "13300857"]
[BlackFideId "24185949"]
[EventDate "2018.01.18"]

1. d4 d5 2. Bf4 Nf6 3. e3 Bf5 4. c4 c6 5. Nc3 e6 6. Qb3 Qc8 7. Rc1 Nbd7 8. Nf3
h6 9. cxd5 Nxd5 10. Bg3 Nxc3 11. Rxc3 Be7 12. Be2 O-O 13. O-O Nf6 14. Rcc1 Ne4
15. Rfd1 Nxg3 16. hxg3 Bd6 17. Nd2 Rb8 18. g4 Bh7 19. Bd3 Bxd3 20. Qxd3 Qd8 21.
Nf3 Qf6 22. Qe4 Rfd8 23. g3 g6 24. Kg2 Kg7 25. a3 Qe7 26. Nd2 Bc7 27. Nb3 Rd5
28. Nc5 h5 29. gxh5 Rxh5 30. Rh1 Rxh1 31. Rxh1 Bd6 32. b4 b6 33. Nd3 Rc8 34. Rc1
Qd7 35. a4 Bb8 36. Kf1 Bd6 37. Ke2 Bb8 38. Rh1 Rh8 39. Rxh8 Kxh8 40. Ne5 Bxe5
41. Qxe5+ Kh7 42. e4 Qe7 43. b5 cxb5 44. axb5 Qb4 45. Kf3 Kg8 46. Kg2 Qb1 47. d5
Qxb5 48. Qb8+ Kg7 49. d6 Qc6 50. Kh2 Qc2 51. Kg1 Qd1+ 52. Kg2 Qd3 53. Kg1 Qb1+
54. Kh2 Qc2 55. Kg1 Qb1+ 56. Kh2 Qf1 57. d7 Qxf2+ 58. Kh3 Qf1+ 59. Kh2 Qe2+ 60.
Kh3 Qh5+ 61. Kg2 Qe2+ 62. Kh3 Qf1+ 63. Kh2 Qe2+ 64. Kh3 Qf1+ 65. Kh2 Qe2+ 66.
Kh3 Qf1+ 67. Kh2 Qe2+ 68. Kh3 1/2-1/2

[Event "PRO League Group Stage"]
[Site "chess.com INT"]
[Date "2018.02.07"]
[Round "5"]
[White "Petrosyan, Manuel"]
[Black "Demidov, Mikhail"]
[Result "1/2-1/2"]
[WhiteTitle "GM"]
[BlackTitle "IM"]
[WhiteElo "2570"]
[BlackElo "2523"]
[WhiteTeam "Armenia Eagles"]
[BlackTeam "Volga Stormbringers"]
[WhiteFideId "13300857"]
[BlackFideId "4197143"]
[EventDate "2018.01.18"]

1. Nf3 d5 2. g3 c6 3. Bg2 Bg4 4. O-O Nd7 5. d3 e5 6. Nbd2 Ngf6 7. h3 Bh5 8. e4
Bd6 9. Qe1 O-O 10. Nh4 Re8 11. Nf5 Bf8 12. Nb3 Bg6 13. Nh4 Qc7 14. Nxg6 hxg6 15.
h4 dxe4 16. dxe4 Nc5 17. Qe2 Rad8 18. Bg5 Ne6 19. Bxf6 gxf6 20. h5 Bh6 21. Rad1
Kg7 22. Bh3 Nd4 23. Nxd4 exd4 24. hxg6 fxg6 25. Qd3 Qa5 26. Bg2 Re7 27. c3 Qxa2
28. cxd4 Qxb2 29. d5 cxd5 30. exd5 Qb4 31. Rb1 Qd6 32. Rfe1 Rdd7 33. Qd4 b6 34.
Rxe7+ Rxe7 35. Qa4 f5 36. Bf3 Bg5 37. Kg2 Bf6 38. Rc1 Rc7 39. Re1 Re7 40. Rc1
Rc7 41. Re1 Re7 42. Rc1 1/2-1/2

[Event "PRO League Group Stage"]
[Site "chess.com INT"]
[Date "2018.02.07"]
[Round "5"]
[White "Pichot, Alan"]
[Black "Lenderman, Aleksandr"]
[Result "0-1"]
[WhiteTitle "GM"]
[BlackTitle "GM"]
[WhiteElo "2552"]
[BlackElo "2611"]
[WhiteTeam "Buenos Aires Krakens"]
[BlackTeam "Montclair Sopranos"]
[WhiteFideId "110973"]
[BlackFideId "2021285"]
[EventDate "2018.01.18"]

1. e4 e6 2. d4 d5 3. Nd2 c5 4. exd5 Qxd5 5. Ngf3 cxd4 6. Bc4 Qd7 7. O-O Nc6 8.
Nb3 a6 9. Nbxd4 Nxd4 10. Nxd4 Qc7 11. Qe2 Bd6 12. g3 Ne7 13. a4 O-O 14. a5 e5
15. Nb3 Bf5 16. Be3 Rac8 17. Nd2 Qc6 18. Rfd1 Nd5 19. Ba7 Nf6 20. Bb3 Bc5 21.
Bxc5 Qxc5 22. Re1 e4 23. Qe3 Qxe3 24. Rxe3 Ng4 25. Rxe4 Bxe4 26. Nxe4 Ne5 27.
Nd6 Rc7 28. Ra4 Rd8 29. Nf5 g6 30. Ne3 Rc5 31. Rb4 Rd7 32. Ba4 Rdc7 33. Re4 Rxa5
34. Bb3 Rd7 35. Kg2 Kg7 36. g4 Nc6 37. Re8 Re5 38. Rc8 Rd8 39. Rxd8 Nxd8 40. Bd5
Nc6 41. c3 Re7 42. Nc4 Rd7 43. Nb6 Rc7 44. Be4 Ne5 0-1